General Knowledge #471 - Statistics

General Stats
  • This quiz has been taken 20 times
  • The average score is 8 of 15
Answer Stats
Hint Answer % Correct
In what year did the War of 1812 take place? 1812
100%
How many socks make a pair? 2
100%
How many subspecies of cutthroat trout are there? 10
92%
How old would you be if you were born 15 years ago? 15
92%
Where was Jesus born? bethlehem
92%
What year was Israel founded? 1948
69%
How many letters are in the Greek alphabet? 24
54%
What is the name of the negatively charged particle inside an atom? electron
54%
What is the most common last name in Vietnam? Nguyen
54%
If your name is John, you have brown eyes, you are 6 feet tall, and you weigh 945lbs, how much would your sister Jennie weigh if she has brown eyes and is half your weight? 472.5
38%
Who came up with capitalism? Adam Smith
23%
How many years did the 100 years war last? 103
8%
What do you call an Oxbow Lake in Australia? billabong
0%
What is the name of the grip used when preforming a serve in tennis? continental
0%
What type of molecule conducts electricity? electrolyte
0%
No matching quizzes found
Score Distribution
Percent of People with Each Score
Percentile by Number Answered
Your Score History
You have not taken this quiz